En busca del tiempo perdido: sobre Aby Warburg y Walter Benjamin
Đã lưu trong:
| Tác giả chính: | |
|---|---|
| Định dạng: | Sách |
| Ngôn ngữ: | Tiếng Tây Ban Nha |
| Được phát hành: |
Viña del Mar
Catálogo Libros
2017
|
| Phiên bản: | 1a. ed |
| Loạt: | Colección Conjeturas, 6
|
| Những chủ đề: | |
| Các nhãn: |
Thêm thẻ
Không có thẻ, Là người đầu tiên thẻ bản ghi này!
|
MARC
| LEADER | 00000cam a2200000 a 4500 | ||
|---|---|---|---|
| 001 | UCC1046 | ||
| 003 | CL-VaPUC | ||
| 008 | 170922e20170600cl |||||||||||||||||spa|d | ||
| 020 | |a 9789569720062 | ||
| 082 | 0 | 4 | |a 709 |b RAM |2 21 |
| 100 | 0 | |a Rampley, Matthew |e author |9 595019 | |
| 245 | 1 | 0 | |a En busca del tiempo perdido: sobre Aby Warburg y Walter Benjamin |
| 250 | |a 1a. ed | ||
| 300 | |a 148 p | ||
| 942 | |c BK | ||
| 945 | |d 20170922 16:51:00 |a arojas | ||
| 260 | |a Viña del Mar |b Catálogo Libros |c 2017 | ||
| 600 | 0 | |a Warburg, Aby Moritz |d 1866-1929 |9 401 | |
| 600 | 0 | |a Benjamin, Walter |d 1892-1940 |9 269121 | |
| 650 | 0 | |a Historia del arte |9 314877 | |
| 650 | 0 | |a Filosofía del arte |9 264951 | |
| 583 | |a last modification |c 20170922 16:51:00 |k Rodrigo Vera | ||
| 490 | 0 | |a Colección Conjeturas, 6 | |
| 999 | |c 369638 |d 369636 | ||
| 952 | |0 0 |1 0 |3 erb |4 0 |6 709_000000000000000_RAM_2017 |7 0 |8 A |9 485568 |a BIBART |b BIBART |i 5424690 |l 7 |o 709 RAM 2017 |p 5424690 |r 2025-03-13 |s 2024-04-03 |w 2019-11-24 |y BK |z Catalogado en:20170922 |k ART | ||
| 952 | |0 0 |1 0 |3 erb |4 0 |6 709_000000000000000_RAM_2017 |7 0 |8 A |9 485569 |a BIBART |b BIBART |i 5424704 |l 1 |o 709 RAM 2017 |p 5424704 |r 2025-03-13 |s 2024-04-03 |w 2019-11-24 |y BK |z Catalogado en:20170922 |k ART | ||